Breaking the bounds : An inaugural lecture given in the University of Cambridge, 16 February 2004

In this impassioned and challenging lecture, the author addresses the interdisciplinary nature of the study of medieval texts and its inherent problems, drawing important lessons for teaching and research within the modern university.

Salvato in:
Dettagli Bibliografici
Autore principale: Evans, Gillian Rosemary
Natura: Libro
Lingua:Undetermined
Pubblicazione: Cambridge UK Cambridge University Press 2004
Soggetti:
Tags: Aggiungi Tag
Nessun Tag, puoi essere il primo ad aggiungerne! !
Thư viện lưu trữ: Trung tâm Học liệu Trường Đại học Cần Thơ
LEADER 00871nam a2200217Ia 4500
001 CTU_167626
008 210402s9999 xx 000 0 und d
020 |c 18 
082 |a 801.959 
082 |b E92 
100 |a Evans, Gillian Rosemary 
245 0 |a Breaking the bounds : 
245 3 |b An inaugural lecture given in the University of Cambridge, 16 February 2004 
245 0 |c G.R. Evans. 
260 |a Cambridge UK 
260 |b Cambridge University Press 
260 |c 2004 
520 |a In this impassioned and challenging lecture, the author addresses the interdisciplinary nature of the study of medieval texts and its inherent problems, drawing important lessons for teaching and research within the modern university. 
650 |a Criticism, Textual,Phê bình 
904 |i Trọng Hiếu 
980 |a Trung tâm Học liệu Trường Đại học Cần Thơ